| 000 | 00926cam a22002651 4500 | ||
|---|---|---|---|
| 001 | 6346 | ||
| 003 | BD-RjUL | ||
| 005 | 20211208234228.0 | ||
| 008 | 140111t1957 gw 000 0 ger | ||
| 035 | _a(BD-RjUL)6386 | ||
| 040 |
_aDLC/ICU _cICU _dDLC _dBD-RjUL _beng |
||
| 041 | _aeng | ||
| 082 | 0 | 4 |
_216 _a510 _bPRP 1957 |
| 100 | 1 |
_aPrachar, Karl. _919977 |
|
| 245 | 1 | 0 |
_aPrimzahlverteilung / _cDr. Karl Prachar. |
| 260 |
_aBerlin : _bSpringer, _c1957. |
||
| 300 |
_a415 p. ; _c24 cm. |
||
| 490 | 1 |
_aDie Grundlehren der mathematischen Wissenschaften; in Einzeldarstellungen mit besonderer Berücksichtigung der Anwendungsgebiete, _vBd. 91 |
|
| 650 | 0 |
_aNumbers, Prime. _918780 |
|
| 830 | 0 |
_vBd. 91. _919982 |
|
| 830 | 0 |
_aGrundlehren der mathematischen Wissenschaften in Einzeldarstellungen mit besonderer Berücksichtigung der Anwendungsgebiete ; _919983 |
|
| 942 |
_2ddc _cBK |
||
| 999 |
_c6346 _d6346 |
||